Sports Quiz

Random Sports Quiz

AL Cy Young Voting (1990-1999) Quiz Stats

 Plays Quiz not verified by Sporcle

Challenge
Share
Tweet
Embed
Score 0/43 Timer 10:00
0 Plays Today
Voting Points Player % Correct
518Roger Clemens
99%
312Randy Johnson
98%
205Pedro Martinez
97%
123Mike Mussina
94.6%
145David Cone
94.1%
43Dave Stewart
89.7%
45Mariano Rivera
89.7%
178Jack McDowell
87.2%
113Andy Pettitte
87.2%
31David Wells
86.7%
109Dennis Eckersley
86.2%
113Pat Hentgen
81.3%
107Bob Welch
80.3%
27Jack Morris
80.3%
110Jimmy Key
79.3%
1Chuck Finley
75.4%
14Charles Nagy
74.4%
54Jose Mesa
72.9%
17Brad Radke
70.4%
3Jamie Moyer
69%
30Kevin Appier
68.5%
3John Wetteland
63.1%
Voting Points Player % Correct
2Roberto Hernandez
62.6%
56Scott Erickson
61.6%
7Mark Langston
60.1%
29Tim Wakefield
57.6%
20Bobby Thigpen
53.7%
9Kevin Brown
53.2%
1Juan Guzman
51.7%
14Bartolo Colon
47.3%
2Dave Stieb
46.8%
26Jim Abbott
44.8%
1Lee Smith
42.4%
14Randy Myers
41.4%
2Freddy Garcia
40.9%
1Alex Fernandez
39.4%
8Duane Ward
38.4%
4Aaron Sele
32%
6Kevin Tapani
31.5%
10Bryan Harvey
29.6%
5Bill Gullickson
29.6%
1Ken Hill
21.7%
1Keith Foulke
15.3%

You're not logged in!

Compare scores with friends on all Sporcle quizzes.
Join for Free
OR
Log In

You Might Also Like...

Show Comments

Extras

Top Quizzes Today


Score Distribution

Your Account Isn't Verified!

In order to create a playlist on Sporcle, you need to verify the email address you used during registration. Go to your Sporcle Settings to finish the process.

Report this User

Report this user for behavior that violates our Community Guidelines.

Details: